000 01887nam a2200373 c 4500
003 BLK
005 20180422110937.0
008 180409b bul|||||r ||||||| ||bul||
010 _aKNG00129282000
040 _aBLK
041 _aBUL
_cBUL
080 _aАнтропология. Вж и 599.9 ; 61
_b572
_x
_z572
080 _aПредистория. Предист. паметници на материалната култура и тяхната интерпретация - оръдия на труда, оръжия, култови предмети, мегалити, пещерни и накол
_b903
_x
_z903
100 1 _aАугуста, Йозеф
_eпърви автор
_9369623
700 1 _aСтоянова, Люба Гатева
_eпрев. от чеш.
_9377283
700 1 _aБуриан, Зденек
_eил.
_9369624
139 _aАугуста, Йозеф
_bА 93
245 1 0 _aЛовци на пещерни мечки
_bНаучнопопул. разкази за неандерталците : За горна училищна възраст
_cЙозеф Аугуста; прев. от чеш. Люба Гатева Стоянова; ил. Зденек Буриан.
257 _aCSK
260 София
_bНар. младеж
_c1963
300 _a223 с.
_bс ил., 6 л. ил., 1 л. к.
_c22 см
380 _a5
500 _aАвт. не е отбелязан на кор. - 10 100 тир.
650 4 _aПраистория
_9167522
650 4 _aАнтропология, историческа
_9263402
653 _aнеандерталци
653 _aпраистория
653 _aантропология
852 _aЦб 27570
856 4 _qpdf
_u
856 4 _qpdf
_u
942 _cKNG
_n0
944 _aCR
_c27.03.2012
_l27.03.2012 - от С1,Р / 27.03.2012
_kДиана_Димитрова
944 _aED
_c27.09.2017
_l27.03.2012 - от С1,Р / 27.03.2012
_kВася_Ганчева
999 _c123621
_d123621